| 000 | 00783nam a22002897a 4500 | ||
|---|---|---|---|
| 001 | 0007716 | ||
| 003 | KOHA_MİRAKIL | ||
| 005 | 20260207001608.0 | ||
| 007 | ta | ||
| 008 | 091001b1961 us |||gr||||#||||0|eng | | ||
| 020 | _a 0471182834 | ||
| 040 |
_aTR-BiSEU _btur _cTR-BiSEU _erda |
||
| 041 | 0 | _aeng | |
| 044 | _cus | ||
| 050 |
_aQA445 _b.C69 1961 |
||
| 100 | 1 | _aCoxeter, H. S. M. . | |
| 245 | 1 |
_aIntroduction to geometry/ _cH. S. M. Coxeter ; H. S. M. Coxeter. |
|
| 264 | 1 |
_aNew York : _bWiley, c1961 _c1961 |
|
| 300 | _axiv, 443 sayfa: resimli | ||
| 336 |
_ametin _btxt _2rdacontent |
||
| 337 |
_aaracısız _bn _2rdamedia |
||
| 338 |
_acilt _bnc _2rdacarrier |
||
| 500 | _aDizin var. | ||
| 650 | 0 |
_aGeometri. _91520 |
|
| 650 | 0 |
_aGeometry. _95564 |
|
| 942 |
_2lcc _cBK |
||
| 999 |
_c7693 _d7693 |
||